000 00325nam a2200121Ia 4500
008 220204s9999 xx 000 0 und d
082 _a667.638
_bPAR.5
245 0 _aOrganic coatings science and technology. V 5
260 _aNew York
_bMarcel Dekker
_c1983
700 _aAngelo V
700 _aPatsis, Geoffrey D
942 _cBK
999 _c39008
_d39008